[Event "1st China Queen Match, (tie-break) 2015"]
[Site "Taizhou CHN"]
[Date "2015.11.30"]
[Round "3"]
[White "Tan, Zhongyi"]
[Black "Ju, Wenjun"]
[Result "1-0"]
[WhiteElo "2492"]
[BlackElo "2547"]
[PlyCount "134"]
[EventDate "2015.11.24"]

1. d4 Nf6 2. c4 e6 3. Nc3 Bb4 4. e3 O-O 5. Bd3 d5 6. Nge2 b6 7. a3 Be7 8. O-O
Bb7 9. cxd5 exd5 10. Ng3 Re8 11. b4 Nbd7 12. Bb2 a6 13. Qc2 g6 14. Rae1 c5 15.
dxc5 bxc5 16. bxc5 Nxc5 17. Rd1 Rc8 18. Qe2 Qb6 19. Ba1 Qc6 20. Qf3 Qc7 21.
Nce2 Nfe4 22. Nd4 Bf8 23. Qg4 Qd7 24. Qe2 Bg7 25. Nxe4 Nxe4 26. Bxa6 Bxa6 27.
Qxa6 Ra8 28. Qd3 Qa4 29. Nb5 Bxa1 30. Rxa1 Rec8 31. h3 Rab8 32. Rab1 Qc4 33.
Qxc4 dxc4 34. Rfc1 c3 35. Rb4 f5 36. f3 Rc5 37. fxe4 Rbxb5 38. Rxb5 Rxb5 39.
exf5 Rb3 40. fxg6 hxg6 41. a4 Kf7 42. a5 Ke6 43. a6 Ke5 44. a7 Ra3 45. Rxc3
Rxa7 46. Kf2 Rf7+ 47. Ke2 Ra7 48. Rc5+ Kf6 49. Kf3 Ra4 50. Rb5 Rc4 51. Rb6+ Kg5
52. g3 Ra4 53. h4+ Kh5 54. Rb5+ Kh6 55. e4 Ra1 56. Kf4 Rf1+ 57. Ke5 Rf3 58. g4
Rh3 59. Rb8 Kg7 60. Rb7+ Kh6 61. g5+ Kh5 62. Rh7+ Kg4 63. Rh6 Rf3 64. Kd5 Rd3+
65. Ke6 Kf4 66. Rxg6 Rh3 67. Rf6+ Kxe4 1-0

[Event "1st China Queen Match, (tie-break) 2015"]
[Site "Taizhou CHN"]
[Date "2015.11.30"]
[Round "3"]
[White "Ju, Wenjun"]
[Black "Tan, Zhongyi"]
[Result "0-1"]
[WhiteElo "2547"]
[BlackElo "2492"]
[PlyCount "94"]
[EventDate "2015.11.24"]

1. c4 Nf6 2. Nc3 c5 3. Nf3 Nc6 4. g3 e5 5. Bg2 d6 6. O-O g6 7. d3 Bg7 8. a3 O-O
9. Rb1 a5 10. Bd2 Ne8 11. Nd5 Nc7 12. Nb6 Rb8 13. b4 axb4 14. axb4 cxb4 15.
Bxb4 Na6 16. Bd2 Be6 17. Ng5 Bf5 18. Bc3 Qxg5 19. Nd5 Nc5 20. Rb5 Qd8 21. Qb1
Re8 22. Rd1 Nd4 23. Bxd4 exd4 24. Rd2 h5 25. Ra2 Qd7 26. Qc1 Be6 27. Nb6 Qxb5
28. cxb5 Bxa2 29. Bf3 Be6 30. Qa3 Be5 31. h4 Nd7 32. Nc4 Bxc4 33. dxc4 Nc5 34.
Bd5 Ra8 35. Qf3 Re7 36. g4 hxg4 37. Qxg4 Kg7 38. h5 Rh8 39. hxg6 fxg6 40. Kg2
Rh6 41. b6 d3 42. exd3 Nxd3 43. Kf1 Nf4 44. Be4 Rf7 45. Ke1 Rh2 46. Qc8 Bc3+
47. Kf1 Nh3 0-1

[Event "Chinese League (Division A) 2015"]
[Site "China CHN"]
[Date "2015.12.08"]
[Round "19"]
[White "Gunina, Valentina"]
[Black "Li, Xueyi"]
[Result "1-0"]
[WhiteElo "2528"]
[BlackElo "2190"]
[PlyCount "72"]
[EventDate "2015.04.10"]
[WhiteTeam "Qingdao"]
[BlackTeam "Guangdong"]

1. d4 d5 2. c4 c6 3. Nf3 Nf6 4. e3 e6 5. b3 Ne4 6. Bd3 Bb4+ 7. Nbd2 Nxd2 8.
Bxd2 Bxd2+ 9. Qxd2 O-O 10. O-O Nd7 11. Rac1 Qe7 12. Qc2 h6 13. Ne5 dxc4 14.
Qxc4 a5 15. Bb1 Nxe5 16. dxe5 Bd7 17. h4 h5 18. Rfd1 Rfd8 19. Rd6 Be8 20. Rcd1
g6 21. g3 Rd7 22. Rxd7 Bxd7 23. g4 Be8 24. gxh5 Rd8 25. Rxd8 Qxd8 26. Qg4 Qd5
27. hxg6 Qxe5 28. gxf7+ Kxf7 29. Bg6+ Ke7 30. Bxe8 Kxe8 31. Qg8+ Kd7 32. Qf7+
Kc8 33. h5 Qg5+ 34. Kf1 Qg4 35. Qg6 Qd1+ 36. Kg2 Qd5+ 1-0

[Event "Chinese League (Division A) 2015"]
[Site "China CHN"]
[Date "2015.12.08"]
[Round "19"]
[White "Zhang, Xiaowen"]
[Black "Harika, Dronavalli"]
[Result "1/2-1/2"]
[WhiteElo "2349"]
[BlackElo "2508"]
[PlyCount "53"]
[EventDate "2015.04.10"]
[WhiteTeam "Shanghai"]
[BlackTeam "Beijing"]

1. e4 e5 2. Nf3 Nc6 3. Bb5 a6 4. Ba4 Nf6 5. O-O Be7 6. Re1 b5 7. Bb3 d6 8. c3
O-O 9. h3 Bb7 10. d4 Re8 11. Ng5 Rf8 12. Nf3 Re8 13. Nbd2 exd4 14. cxd4 Nd7 15.
Nf1 Na5 16. Bc2 Bf6 17. Bf4 Nf8 18. b3 c5 19. Rc1 Nc6 20. e5 dxe5 21. dxe5 Qxd1
22. Rcxd1 Bd8 23. Be4 Na5 24. Bxb7 Nxb7 25. Ne3 Ba5 26. Rf1 Rac8 27. Nf5
1/2-1/2

[Event "Chinese League (Division A) 2015"]
[Site "China CHN"]
[Date "2015.12.08"]
[Round "19"]
[White "Ju, Wenjun"]
[Black "Zhao, Xue"]
[Result "1-0"]
[WhiteElo "2557"]
[BlackElo "2527"]
[PlyCount "51"]
[EventDate "2015.04.10"]
[WhiteTeam "Shanghai"]
[BlackTeam "Beijing"]

1. d4 Nf6 2. c4 e6 3. g3 d5 4. Nf3 Be7 5. Bg2 O-O 6. Nc3 dxc4 7. Ne5 Qd6 8.
Nxc4 Qa6 9. b3 Rd8 10. a4 Nd5 11. Nxd5 exd5 12. Ne3 Nc6 13. O-O Nxd4 14. Qxd4
Bf6 15. Qc5 Bxa1 16. Nxd5 Qxe2 17. Bf4 c6 18. Ne7+ Kh8 19. Nxc8 Bd4 20. Qe7
Qxe7 21. Nxe7 g6 22. Bxc6 bxc6 23. Nxc6 Bf6 24. Nxd8 Rxd8 25. Rc1 Kg7 26. Rc7
1-0

[Event "Chinese League (Division A) 2015"]
[Site "China CHN"]
[Date "2015.12.08"]
[Round "19"]
[White "Xiao, Yiyi"]
[Black "Tan, Zhongyi"]
[Result "0-1"]
[WhiteElo "2218"]
[BlackElo "2487"]
[PlyCount "95"]
[EventDate "2015.04.10"]
[WhiteTeam "Shandong"]
[BlackTeam "Chongqing"]

1. d4 Nf6 2. c4 e6 3. g3 d5 4. Bg2 dxc4 5. Nf3 Nc6 6. O-O Rb8 7. Nc3 b5 8. e4
b4 9. Ne2 Be7 10. d5 exd5 11. exd5 Nxd5 12. Ne1 Be6 13. Nf4 Rb5 14. Qa4 a6 15.
Qxa6 Rb6 16. Nxe6 fxe6 17. Qxc4 O-O 18. Nd3 Bf6 19. Nc5 Ne5 20. Qb3 Kh8 21. Rd1
Ng4 22. Bf4 Qe7 23. Nxe6 Rxe6 24. Qxd5 Bxb2 25. Rab1 Bc3 26. Bh3 Rg6 27. Bg2
Re6 28. Bh3 Rg6 29. Qd7 Qe2 30. Bxg4 Rxg4 31. Qxc7 Qxa2 32. Be3 Kg8 33. Qb7 Bf6
34. Rdc1 Qc4 35. Rd1 Bc3 36. Rdc1 Bf6 37. Rd1 Bc3 38. Qd5+ Qxd5 39. Rxd5 Rg6
40. Bd2 Rb8 41. Bxc3 Rc6 42. Rb2 Rxc3 43. Rdd2 b3 44. h3 g5 45. Kf1 Kf7 46. Ke2
h5 47. Kd1 Ke6 48. Re2+ 0-1

[Event "Women Russian Cup 2015"]
[Site "Khanty-Mansiysk RUS"]
[Date "2015.12.05"]
[Round "1"]
[White "Goryachkina, Aleksandra"]
[Black "Travkina, Anastasia"]
[Result "1-0"]
[WhiteElo "2478"]
[BlackElo "2229"]
[PlyCount "79"]
[EventDate "2015.12.05"]

1. d4 d5 2. c4 c6 3. e3 Nf6 4. Nc3 e6 5. Nf3 Nbd7 6. Qc2 b6 7. Bd3 Bb7 8. O-O
Be7 9. Rd1 Qc7 10. b3 Rd8 11. Bb2 h6 12. h3 O-O 13. Qe2 Rfe8 14. Rac1 Qb8 15.
Ne5 Nxe5 16. dxe5 dxc4 17. bxc4 Qxe5 18. Nd5 Qb8 19. Nxe7+ Rxe7 20. Bxf6 gxf6
21. Qg4+ Kf8 22. Qh4 Kg7 23. Qg4+ Kf8 24. Bh7 Ree8 25. Qg8+ Ke7 26. Qg7 Rxd1+
27. Rxd1 Rd8 28. Rb1 Rd2 29. c5 Qf8 30. Qg4 Qd8 31. Qa4 b5 32. Qxa7 Qa8 33.
Qxa8 Bxa8 34. a4 Rd5 35. Be4 Rxc5 36. axb5 f5 37. Bf3 e5 38. Ra1 e4 39. Be2 Rc2
40. Bf1 1-0

[Event "Women Russian Cup 2015"]
[Site "Khanty-Mansiysk RUS"]
[Date "2015.12.06"]
[Round "2"]
[White "Travkina, Anastasia"]
[Black "Goryachkina, Aleksandra"]
[Result "0-1"]
[WhiteElo "2229"]
[BlackElo "2478"]
[PlyCount "82"]
[EventDate "2015.12.05"]

1. e4 c6 2. d4 d5 3. Nd2 dxe4 4. Nxe4 Nf6 5. Nxf6+ exf6 6. c3 Bf5 7. Nf3 Bd6 8.
g3 O-O 9. Bg2 Re8+ 10. Be3 Qd7 11. Nd2 Na6 12. Qa4 Nc7 13. c4 Bh3 14. Bf3 Bg4
15. Bg2 Bh3 16. Bf3 Bg4 17. O-O Bxf3 18. Nxf3 b5 19. Qc2 bxc4 20. Nd2 c3 21.
bxc3 Nd5 22. Nc4 Bc7 23. Rab1 f5 24. Qd3 f4 25. Bd2 Qg4 26. Kg2 f6 27. Rfe1 h5
28. Qf3 Qg6 29. Rxe8+ Rxe8 30. Rb7 Re4 31. Rxa7 fxg3 32. hxg3 h4 33. Ra8+ Kh7
34. Kf1 Rg4 35. Ne3 Qb1+ 36. Kg2 Nf4+ 37. Kh2 hxg3+ 38. fxg3 Rh4+ 39. gxh4 Ne2+
40. Kg2 Qg1+ 41. Kh3 Nf4+ 0-1

[Event "Women Russian Cup 2015"]
[Site "Khanty-Mansiysk RUS"]
[Date "2015.12.07"]
[Round "3"]
[White "Goryachkina, Aleksandra"]
[Black "Charochkina, Daria"]
[Result "1/2-1/2"]
[WhiteElo "2478"]
[BlackElo "2395"]
[PlyCount "97"]
[EventDate "2015.12.05"]

1. d4 Nf6 2. c4 e6 3. g3 Bb4+ 4. Nd2 c5 5. a3 Bxd2+ 6. Qxd2 cxd4 7. Nf3 Nc6 8.
Nxd4 Qb6 9. Nb5 d5 10. Bg2 O-O 11. cxd5 exd5 12. Nc3 d4 13. Ne4 Nxe4 14. Bxe4
Bh3 15. Qd3 Rfe8 16. Bf4 Qa5+ 17. Bd2 Qh5 18. f4 Bg4 19. h3 Bxe2 20. Qxe2 Qxe2+
21. Kxe2 f5 22. Rac1 fxe4 23. Rc5 Rad8 24. Rd1 Rd6 25. Be1 Red8 26. g4 b6 27.
Rc4 g5 28. fxg5 Ne5 29. Rc7 R6d7 30. Rxd7 Rxd7 31. Bf2 Nd3 32. h4 Nf4+ 33. Ke1
Nd3+ 34. Ke2 Nxf2 35. Kxf2 Rf7+ 36. Ke2 Rd7 37. Rf1 Rc7 38. Kd2 d3 39. Ke3 Rc2
40. Rf2 Rxf2 41. Kxf2 d2 42. Ke2 e3 43. a4 a5 44. b3 Kf7 45. h5 Ke6 46. g6 hxg6
47. h6 Kf7 48. g5 Kg8 49. Kd1 1/2-1/2

[Event "Women Russian Cup 2015"]
[Site "Khanty-Mansiysk RUS"]
[Date "2015.12.08"]
[Round "4"]
[White "Charochkina, Daria"]
[Black "Goryachkina, Aleksandra"]
[Result "0-1"]
[WhiteElo "2395"]
[BlackElo "2478"]
[PlyCount "120"]
[EventDate "2015.12.05"]

1. c4 e6 2. Nc3 d5 3. d4 c6 4. Nf3 Nf6 5. Bg5 Nbd7 6. e3 Qa5 7. Nd2 Bb4 8. Qc2
O-O 9. Be2 c5 10. O-O cxd4 11. Nb3 Qd8 12. Nxd4 h6 13. Bh4 Bxc3 14. bxc3 dxc4
15. Bxc4 Qe7 16. f4 b6 17. e4 Qc5 18. Bb5 a6 19. Bc6 Ra7 20. e5 Nd5 21. Bxd5
Qxd5 22. Rad1 Rc7 23. Be7 Re8 24. Bd6 Ra7 25. f5 Nxe5 26. Nb3 Qb5 27. a4 Qxa4
28. Bxe5 exf5 29. Ra1 Qc4 30. Bd4 Rae7 31. Nd2 Qd5 32. Rf2 b5 33. Nf3 Bb7 34.
Rd1 Qe4 35. Qxe4 fxe4 36. Ne1 e3 37. Re2 f5 38. Bc5 Re6 39. Rd7 Bc6 40. Ra7 f4
41. Rxa6 Bd5 42. Rxe6 Rxe6 43. Nf3 g5 44. h3 Ra6 45. Rb2 Bc4 46. Nd4 Ra1+ 47.
Kh2 Rf1 48. Nf3 e2 49. Rd2 Rxf3 50. Rxe2 Bxe2 51. gxf3 Bxf3 52. Kg1 Kf7 53. Kf2
Bd5 54. Bd6 Ke6 55. Bf8 h5 56. Bg7 Kf5 57. Bd4 g4 58. hxg4+ hxg4 59. Bg7 g3+
60. Ke2 f3+ 0-1

[Event "Women Russian Cup 2015"]
[Site "Khanty-Mansiysk RUS"]
[Date "2015.12.09"]
[Round "5"]
[White "Goryachkina, Aleksandra"]
[Black "Bivol, Alina"]
[Result "1-0"]
[WhiteElo "2478"]
[BlackElo "2345"]
[PlyCount "121"]
[EventDate "2015.12.05"]

1. c4 Nf6 2. Nc3 d6 3. d4 e5 4. dxe5 dxe5 5. Qxd8+ Kxd8 6. Nf3 Bd6 7. c5 Bxc5
8. Nxe5 Be6 9. e3 c6 10. Be2 Kc7 11. O-O Rd8 12. Nd3 Be7 13. b3 Na6 14. Bb2 Nb4
15. Rfd1 Bf5 16. Ne5 Rxd1+ 17. Rxd1 Be6 18. Nf3 Nbd5 19. Ng5 Nxc3 20. Nxe6+
fxe6 21. Bxc3 Rd8 22. Rc1 Ne4 23. Ba5+ b6 24. Be1 Ba3 25. Rc2 a5 26. f3 Nc5 27.
Bc3 g6 28. Bd4 Nd7 29. Bc4 Re8 30. Kf2 Bc5 31. Bc3 Bb4 32. Bb2 Bc5 33. Ke2 b5
34. Bd3 Kb6 35. g4 Be7 36. Rc1 Nc5 37. Bc2 a4 38. Bd4 axb3 39. axb3 b4 40. h4
Ra8 41. h5 Ra2 42. Kd1 gxh5 43. gxh5 h6 44. Ra1 Rxa1+ 45. Bxa1 Nd7 46. Bg7 Bf8
47. Bb2 Be7 48. Bg6 Bf6 49. Bc1 Kc7 50. Be8 Ne5 51. f4 Nd3 52. Bd2 c5 53. Ke2
Nb2 54. e4 Bc3 55. Bb5 Kd6 56. Be3 c4 57. bxc4 b3 58. c5+ Kc7 59. f5 exf5 60.
exf5 Bg7 61. Bf4+ 1-0

[Event "Chinese League (Division A) 2015"]
[Site "China CHN"]
[Date "2015.12.09"]
[Round "20"]
[White "Zhao, Xue"]
[Black "Gunina, Valentina"]
[Result "1-0"]
[WhiteElo "2527"]
[BlackElo "2528"]
[PlyCount "107"]
[EventDate "2015.04.10"]
[WhiteTeam "Beijing"]
[BlackTeam "Qingdao"]

1. d4 Nf6 2. c4 e6 3. Nc3 Bb4 4. Qc2 d6 5. Nf3 Nbd7 6. g4 d5 7. a3 Bxc3+ 8.
Qxc3 O-O 9. c5 Ne4 10. Qc2 e5 11. Be3 exd4 12. Bxd4 Qe7 13. Rc1 c6 14. Bg2 f5
15. gxf5 Ndf6 16. Bh3 Nh5 17. Bg4 Bxf5 18. Bxh5 Ng3 19. hxg3 Bxc2 20. Rxc2 Qe4
21. Rd2 b6 22. Rh4 Qe7 23. Rc2 Qe6 24. Ne5 Qf5 25. Kd1 bxc5 26. Rxc5 Qb1+ 27.
Rc1 Qa2 28. Nxc6 g6 29. Bf3 Rae8 30. Na5 Rc8 31. Nc6 Rc7 32. Be5 Rb7 33. Rc2
Rf5 34. Nb4 Rxb4 35. Rc8+ Rf8 36. Rxf8+ Kxf8 37. Rxb4 a5 38. Rb7 Qc4 39. Kd2
Qc5 40. Rxh7 d4 41. Bf4 g5 42. Rc7 Qb6 43. Rb7 Qf6 44. Bb8 g4 45. Be4 Qe6 46.
Bg2 Ke8 47. Bf4 Kd8 48. Rb5 Qa6 49. a4 Qe6 50. Bd5 Qf6 51. Bc4 Kd7 52. Bd3 Qf8
53. Rb7+ Kc6 54. Be4+ 1-0

[Event "Chinese League (Division A) 2015"]
[Site "China CHN"]
[Date "2015.12.09"]
[Round "20"]
[White "Harika, Dronavalli"]
[Black "Yuan, Ye"]
[Result "1-0"]
[WhiteElo "2508"]
[BlackElo "2114"]
[PlyCount "85"]
[EventDate "2015.04.10"]
[WhiteTeam "Beijing"]
[BlackTeam "Qingdao"]

1. d4 Nf6 2. c4 g6 3. Nf3 Bg7 4. e3 c5 5. d5 d6 6. Nc3 e6 7. Nd2 O-O 8. Be2 Na6
9. O-O Re8 10. e4 Nc7 11. Re1 exd5 12. cxd5 Bd7 13. a4 a6 14. Bf3 h5 15. h3 Bf8
16. e5 Rxe5 17. Rxe5 dxe5 18. Nc4 e4 19. Nxe4 Nfxd5 20. Bg5 f6 21. Nxf6+ Nxf6
22. Bxf6 Qxf6 23. Qxd7 Qf7 24. Rd1 Re8 25. Qxf7+ Kxf7 26. Bxb7 Kf6 27. Nb6 Kg5
28. Bf3 Bg7 29. Nc4 Re7 30. b3 h4 31. Nd6 Kf4 32. Nb7 Ne6 33. Re1 Bf6 34. Re4+
Kg5 35. Kf1 Kh6 36. Bg4 Ng5 37. Rxe7 Bxe7 38. Be2 Ne4 39. Ke1 a5 40. Nxa5 Bf6
41. Nc4 Bc3+ 42. Kd1 Bb4 43. Kc2 1-0

[Event "Chinese League (Division A) 2015"]
[Site "China CHN"]
[Date "2015.12.09"]
[Round "20"]
[White "Tan, Zhongyi"]
[Black "Ju, Wenjun"]
[Result "0-1"]
[WhiteElo "2487"]
[BlackElo "2557"]
[PlyCount "72"]
[EventDate "2015.04.10"]
[WhiteTeam "Chongqing"]
[BlackTeam "Shanghai"]

1. Nf3 Nf6 2. c4 e6 3. Nc3 c5 4. d4 d5 5. cxd5 cxd4 6. Qxd4 exd5 7. Bg5 Be7 8.
e3 Nc6 9. Qd3 Be6 10. Be2 O-O 11. O-O a6 12. Rfd1 Qb6 13. a3 Rfd8 14. b4 Qc7
15. Rac1 b5 16. Qb1 Qb6 17. Nd4 Rac8 18. Nf5 Qb7 19. Bf3 Ne5 20. Nxe7+ Qxe7 21.
Nxd5 Nxf3+ 22. gxf3 Bxd5 23. Rxc8 Rxc8 24. Rxd5 h6 25. Bxf6 Qxf6 26. f4 Rc6 27.
Rc5 Rd6 28. Qe4 Qa1+ 29. Kg2 Rg6+ 30. Kh3 Qf1+ 31. Kh4 Qxf2+ 32. Kh3 Qf1+ 33.
Kh4 Qg1 34. Qf3 Qxh2+ 35. Qh3 Qf2+ 36. Kh5 Rg3 0-1

[Event "Chinese League (Division A) 2015"]
[Site "China CHN"]
[Date "2015.12.09"]
[Round "20"]
[White "Dzagnidze, Nana"]
[Black "Xu, Huahua"]
[Result "1-0"]
[WhiteElo "2566"]
[BlackElo "2105"]
[PlyCount "115"]
[EventDate "2015.04.10"]
[WhiteTeam "Heibei"]
[BlackTeam "Shandong"]

1. Nf3 d5 2. c4 Nf6 3. cxd5 Nxd5 4. e4 Nb6 5. d4 g6 6. Nc3 Bg7 7. Bb5+ c6 8.
Be2 O-O 9. O-O Bg4 10. Be3 N8d7 11. Qb3 Nf6 12. Rfd1 Ne8 13. h3 Bxf3 14. Bxf3
Nd6 15. a4 Nbc4 16. Bf4 e5 17. dxe5 Bxe5 18. Bxe5 Nxe5 19. Be2 Qf6 20. f4 Qxf4
21. Rxd6 Nf3+ 22. Bxf3 Qxd6 23. Kh1 a5 24. Qxb7 Rab8 25. Qa7 Qe5 26. Qf2 Rb4
27. Rd1 Rfb8 28. Rd2 h5 29. Rc2 h4 30. Qe2 Kg7 31. Nd1 R8b6 32. Rc4 Rb3 33. Qd2
Qg3 34. Rc3 R3b4 35. Re3 Qe5 36. Qc2 Rd4 37. Rc3 Qd6 38. Ne3 Rxa4 39. Qc1 Qb4
40. Bd1 Ra2 41. Nc4 Rxb2 42. Nxb2 Qxb2 43. Qxb2 Rxb2 44. Ba4 Ra2 45. Bxc6 f6
46. Kg1 Kh6 47. Bd5 Ra1+ 48. Kf2 Kg5 49. Bf7 a4 50. Rc5+ Kf4 51. Bxg6 Ra2+ 52.
Kg1 Ra1+ 53. Kh2 a3 54. Rf5+ Ke3 55. Rxf6 a2 56. Ra6 Kf4 57. Ra4 Ke5 58. Bf7
1-0

[Event "Chinese League (Division A) 2015"]
[Site "China CHN"]
[Date "2015.12.09"]
[Round "20"]
[White "Khotenashvili, Bela"]
[Black "Zhu, Jiner"]
[Result "1-0"]
[WhiteElo "2513"]
[BlackElo "1989"]
[PlyCount "69"]
[EventDate "2015.04.10"]
[WhiteTeam "Tianjing"]
[BlackTeam "Zhejiang"]

1. d4 Nf6 2. Nf3 e6 3. c4 d5 4. g3 Bb4+ 5. Bd2 Be7 6. Bg2 O-O 7. O-O c6 8. Qc2
b6 9. cxd5 cxd5 10. Rc1 Ba6 11. Bf4 Nbd7 12. Nc3 b5 13. a4 b4 14. Nb5 Qb6 15.
Qc6 Rac8 16. Bc7 Qxc6 17. Rxc6 Bb7 18. Rcc1 Ne8 19. Ba5 a6 20. Rxc8 Bxc8 21.
Na7 Bb7 22. Rc1 Nef6 23. Ne5 Bd6 24. Nd3 Ra8 25. Nc6 b3 26. Nd8 Rb8 27. Nxb7
Rxb7 28. Rc6 Ne8 29. Rxa6 Nb8 30. Ra8 Kf8 31. e4 dxe4 32. Bxe4 Re7 33. Ne5 f6
34. Nc4 f5 35. Nxd6 1-0

[Event "Chinese League (Division A) 2015"]
[Site "China CHN"]
[Date "2015.12.10"]
[Round "21"]
[White "Zhang, Xiaowen"]
[Black "Dzagnidze, Nana"]
[Result "0-1"]
[WhiteElo "2349"]
[BlackElo "2566"]
[PlyCount "86"]
[EventDate "2015.04.10"]
[WhiteTeam "Shanghai"]
[BlackTeam "Heibei"]

1. e4 c5 2. Nf3 Nc6 3. d4 cxd4 4. Nxd4 g6 5. c4 Nf6 6. Nc3 d6 7. f3 Qb6 8. Be3
Be6 9. Qd2 Nxd4 10. Bxd4 Bh6 11. Qf2 Qa5 12. c5 dxc5 13. Bb5+ Kf8 14. Bxc5 Rc8
15. O-O Bf4 16. b4 Qc7 17. Ne2 Bxh2+ 18. Kh1 a6 19. Ba4 Bd6 20. Bb6 Qc4 21. a3
Nh5 22. Kg1 Nf4 23. Nd4 Be5 24. Kh1 Bxd4 25. Bxd4 f6 26. e5 f5 27. Rab1 Kf7 28.
Be3 Nd3 29. Qd2 b5 30. Bb3 Qh4+ 31. Kg1 Rhd8 32. Bb6 Rd7 33. Bxe6+ Kxe6 34. f4
Rc4 35. Rbd1 Rxf4 36. Qe3 Re4 37. Qf3 Nxe5 38. Qb3+ Nc4 39. Rxd7 Kxd7 40. Qd3+
Ke6 41. Rd1 Re1+ 42. Rxe1+ Qxe1+ 43. Kh2 Qe5+ 0-1

[Event "Chinese League (Division A) 2015"]
[Site "China CHN"]
[Date "2015.12.10"]
[Round "21"]
[White "Ju, Wenjun"]
[Black "Zhai, Mo"]
[Result "1-0"]
[WhiteElo "2557"]
[BlackElo "2324"]
[PlyCount "67"]
[EventDate "2015.04.10"]
[WhiteTeam "Shanghai"]
[BlackTeam "Heibei"]

1. d4 Nf6 2. c4 e6 3. Nf3 b6 4. a3 Bb7 5. Nc3 d5 6. cxd5 Nxd5 7. Qc2 Nxc3 8.
bxc3 Be7 9. e4 c5 10. Bb5+ Bc6 11. Bd3 O-O 12. O-O b5 13. Rd1 c4 14. Be2 Nd7
15. d5 exd5 16. exd5 Bb7 17. Rb1 Nc5 18. Rxb5 Ba6 19. Rb1 Nd3 20. Bxd3 cxd3 21.
Qa4 Qc8 22. Ne5 Re8 23. Nxd3 Bc4 24. Ne5 Ba2 25. Rb2 Qxc3 26. Rxa2 Qxe5 27. Bf4
Qf6 28. Re2 Red8 29. Bc7 Rf8 30. d6 Bd8 31. h3 h6 32. Re8 Bxc7 33. Rxa8 Rxa8
34. dxc7 1-0

[Event "Chinese League (Division A) 2015"]
[Site "China CHN"]
[Date "2015.12.10"]
[Round "21"]
[White "Zhao, Xue"]
[Black "Huang, Qian"]
[Result "0-1"]
[WhiteElo "2527"]
[BlackElo "2473"]
[PlyCount "118"]
[EventDate "2015.04.10"]
[WhiteTeam "Beijing"]
[BlackTeam "Chongqing"]

1. d4 d5 2. c4 c6 3. Nc3 Nf6 4. Nf3 dxc4 5. a4 Bf5 6. e3 e6 7. Bxc4 Bb4 8. O-O
Nbd7 9. Nh4 O-O 10. h3 Rc8 11. Nxf5 exf5 12. Qf3 Qa5 13. Na2 Be7 14. b4 Qxa4
15. Qxf5 Nb6 16. Be2 Qb3 17. Bd2 g6 18. Qb1 Qxb1 19. Rfxb1 Ne4 20. Be1 a6 21.
Nc1 f5 22. Nd3 Bf6 23. Rd1 Rfe8 24. Rac1 Rcd8 25. Nc5 Nd6 26. b5 cxb5 27. Ba5
Nbc4 28. Bxd8 Bxd8 29. Rb1 Re7 30. Rdc1 Kg7 31. g4 Ba5 32. Kg2 Bd2 33. Rd1 Bc3
34. Rd3 Ba5 35. d5 Kf6 36. Ne6 Ne4 37. Rc1 Rd7 38. Rd4 Ncd6 39. Bd1 Bb6 40. Rd3
Nc4 41. gxf5 gxf5 42. Bb3 Nb2 43. Rdc3 Nxc3 44. Rxc3 Nc4 45. Nf4 Bc7 46. Ne6
Be5 47. Rd3 a5 48. f4 Bb2 49. Kf3 a4 50. Ba2 b6 51. Rd1 Bc3 52. Rd3 Nd2+ 53.
Ke2 Ne4 54. h4 Ke7 55. Ng5 b4 56. Bb1 Nf6 57. Rd1 Rxd5 58. Rxd5 Nxd5 59. Bxf5
a3 0-1

[Event "Chinese League (Division A) 2015"]
[Site "China CHN"]
[Date "2015.12.10"]
[Round "21"]
[White "Harika, Dronavalli"]
[Black "Tan, Zhongyi"]
[Result "1/2-1/2"]
[WhiteElo "2508"]
[BlackElo "2487"]
[PlyCount "63"]
[EventDate "2015.04.10"]
[WhiteTeam "Beijing"]
[BlackTeam "Chongqing"]

1. d4 d5 2. c4 e6 3. Nf3 Nf6 4. g3 Be7 5. Bg2 O-O 6. O-O dxc4 7. Qc2 a6 8. a4
Bd7 9. Qxc4 Bc6 10. Bf4 a5 11. Nc3 Na6 12. Rac1 Nb4 13. Ne5 Bxg2 14. Kxg2 Nfd5
15. Nxd5 Qxd5+ 16. Qxd5 Nxd5 17. Bd2 Rfc8 18. Nc4 Nb4 19. b3 f6 20. e3 Kf7 21.
Bxb4 Bxb4 22. Rc2 Rd8 23. Nb2 c6 24. Nd3 Be7 25. f4 Rd5 26. Kf3 h5 27. Rc4 Rad8
28. Rfc1 Ba3 29. Rb1 Be7 30. Rbc1 Ba3 31. Rb1 Be7 32. Ke4 1/2-1/2

[Event "Chinese League (Division A) 2015"]
[Site "China CHN"]
[Date "2015.12.10"]
[Round "21"]
[White "Gu, Tianlu"]
[Black "Khotenashvili, Bela"]
[Result "0-1"]
[WhiteElo "2182"]
[BlackElo "2513"]
[PlyCount "208"]
[EventDate "2015.04.10"]
[WhiteTeam "Hangzhou"]
[BlackTeam "Tianjing"]

1. e4 c6 2. d4 g6 3. Nf3 Bg7 4. Nc3 d5 5. h3 Nh6 6. Bd3 O-O 7. O-O f6 8. Re1
Nf7 9. Bf1 Re8 10. b3 b6 11. b4 e6 12. Bb2 Nd7 13. b5 Bb7 14. bxc6 Bxc6 15.
exd5 exd5 16. Bb5 Rxe1+ 17. Qxe1 Bxb5 18. Nxb5 Nf8 19. Qe2 a6 20. Nc3 b5 21.
Nd2 Rc8 22. Nb3 f5 23. Qf3 b4 24. Na4 Rxc2 25. Qd3 Rc4 26. Nac5 Ng5 27. Rc1
Rxc1+ 28. Bxc1 Nge6 29. Nxa6 Qc8 30. Nxb4 Qc4 31. Bd2 Nd7 32. Qxc4 dxc4 33. Na5
Nb6 34. d5 Nc5 35. Be3 Nca4 36. Bd2 Nc5 37. Be3 Nca4 38. Kf1 Nc5 39. Kg1 Nca4
40. Kf1 Kf7 41. Ke2 Ke7 42. Kd1 Kd7 43. Kc2 Bf8 44. a3 Bg7 45. Nbc6 Kd6 46. Nb4
Kd7 47. Nb7 Bf8 48. Na5 Bg7 49. Nac6 Nxd5 50. Nxd5 Kxc6 51. Nf4 Bf8 52. Bc1 Bc5
53. f3 Bd4 54. Ne2 Bf6 55. Bd2 Be7 56. Bc1 Bf8 57. Nd4+ Kd5 58. Ne2 Bg7 59.
Nf4+ Kc6 60. Ne2 Kb5 61. Bd2 Nc5 62. Nf4 Ka4 63. Bb4 Nb3 64. Ne6 Na1+ 65. Kb1
Bf6 66. Nc5+ Kb5 67. Ne6 c3 68. Nf4 Kc4 69. Ne2 c2+ 70. Kc1 Kb3 71. Bc5 Kc4 72.
Bb4 Bg5+ 73. f4 Bf6 74. Kd2 Kb3 75. Nc1+ Kb2 76. Nd3+ Kb1 77. a4 Nb3+ 78. Ke3
Bd4+ 79. Kf3 c1=Q 80. Nxc1 Kxc1 81. a5 Kd1 82. g4 Nd2+ 83. Kg3 Ne4+ 84. Kf3 Kc2
85. Be7 Kd3 86. Bd8 Nd2+ 87. Kg3 Ke4 88. Bb6 Nb3 89. Bc7 Nc5 90. Bd6 Ne6 91.
Bb8 Kd5 92. a6 Kc6 93. gxf5 gxf5 94. Kh4 Kb6 95. a7 Kb7 96. Kh5 Bxa7 97. Be5
Be3 98. h4 Kc6 99. Kh6 Kd5 100. Kxh7 Nxf4 101. Bc7 Ke4 102. Kg7 Kf3 103. Kf6
Kg4 104. Bd6 Bf2 0-1

[Event "Women Russian Cup 2015"]
[Site "Khanty-Mansiysk RUS"]
[Date "2015.12.10"]
[Round "6"]
[White "Bivol, Alina"]
[Black "Goryachkina, Aleksandra"]
[Result "1/2-1/2"]
[WhiteElo "2345"]
[BlackElo "2478"]
[PlyCount "89"]
[EventDate "2015.12.05"]

1. e4 e5 2. Nf3 Nc6 3. d4 exd4 4. Nxd4 Nf6 5. Nxc6 bxc6 6. e5 Qe7 7. Qe2 Nd5 8.
c4 Ba6 9. b3 g6 10. Ba3 Qg5 11. Bxf8 Rxf8 12. Nd2 O-O-O 13. Nf3 Qf5 14. g3 Rde8
15. h4 Nc3 16. Qe3 Qe4 17. Bd3 Qxe3+ 18. fxe3 Nd5 19. Kd2 Nb4 20. h5 Nxd3 21.
Kxd3 c5 22. hxg6 hxg6 23. Rh7 Bb7 24. Rf1 Bc6 25. Rg7 a5 26. Ke2 a4 27. bxa4
Bxa4 28. Nh4 Bc2 29. Rfxf7 Rxf7 30. Rxf7 Rxe5 31. Nf3 Re6 32. Kd2 Be4 33. Ng5
Rd6+ 34. Kc1 Bd3 35. Rf4 Rb6 36. Kd2 Bb1 37. Ne4 Bxe4 38. Rxe4 Rb2+ 39. Kd3
Rxa2 40. Re5 d6 41. Rg5 Ra3+ 42. Kd2 Ra2+ 43. Kd3 Ra3+ 44. Kd2 Ra2+ 45. Kd3
1/2-1/2

[Event "Chinese League (Division A) 2015"]
[Site "China CHN"]
[Date "2015.12.11"]
[Round "22"]
[White "Gunina, Valentina"]
[Black "Tan, Zhongyi"]
[Result "1/2-1/2"]
[WhiteElo "2528"]
[BlackElo "2487"]
[PlyCount "42"]
[EventDate "2015.04.10"]
[WhiteTeam "Qingdao"]
[BlackTeam "Chongqing"]

1. d4 d5 2. c4 c6 3. Nf3 Nf6 4. Nc3 dxc4 5. a4 Bf5 6. Ne5 Nbd7 7. Nxc4 Nb6 8.
Ne5 a5 9. e3 h6 10. Bd3 Bxd3 11. Nxd3 e6 12. Qb3 Be7 13. O-O O-O 14. Rd1 Nbd5
15. Nxd5 exd5 16. Qxb7 Rb8 17. Qxc6 Rc8 18. Qb5 Rb8 19. Qc6 Rc8 20. Qb5 Rb8 21.
Qc6 Rc8 1/2-1/2

[Event "European Championship (blitz) 2015"]
[Site "Minsk BLR"]
[Date "2015.12.18"]
[Round "1"]
[White "Gunina, Valentina"]
[Black "Khrapko, Marharyta"]
[Result "1-0"]
[WhiteElo "2502"]
[BlackElo "1888"]
[PlyCount "55"]
[EventDate "2015.12.18"]

1. d4 Nf6 2. c4 d6 3. Nf3 Nbd7 4. g3 e5 5. Bg2 Be7 6. O-O O-O 7. Nc3 c6 8. Qc2
Qc7 9. b3 Re8 10. Bb2 Bf8 11. Rad1 g6 12. dxe5 dxe5 13. Ng5 Bg7 14. Nce4 h6 15.
Nxf7 Kxf7 16. Nd6+ Kg8 17. Nxe8 Nxe8 18. Qxg6 Nef6 19. f4 Nf8 20. Qc2 e4 21. f5
Ng4 22. Bxg7 Kxg7 23. Qxe4 Qb6+ 24. Kh1 Nf2+ 25. Rxf2 Qxf2 26. Qe7+ Kg8 27. f6
Be6 28. Qg7# 1-0